[Event "ROM-chT "]
[Site "Mamaia"]
[Date "2015.10.07"]
[Round "5.5"]
[White "Petrisor, Adrian Marian"]
[Black "Vasiesiu, Cristina"]
[Result "1-0"]
[WhiteElo "2402"]
[BlackElo "2204"]
[PlyCount "119"]
[EventDate "2015.10.03"]
[EventType "team-tourn"]
[EventRounds "9"]
[EventCountry "ROU"]
[SourceTitle "CBM 168 Extra"]
[Source "ChessBase"]
[SourceDate "2015.10.29"]
[SourceVersion "1"]
[SourceVersionDate "2015.10.29"]
[SourceQuality "1"]
[WhiteTeam "Galati CC"]
[BlackTeam "Satu Mare Apollo"]
[WhiteTeamCountry "ROU"]
[BlackTeamCountry "ROU"]

1. e4 Nc6 2. Nf3 d5 3. Nc3 dxe4 4. Nxe4 Bf5 5. Ng3 Bg6 6. Nh4 Nf6 7. Nxg6 hxg6 8. c3 Qd5 9. Qb3 0-0-0 10. Qxd5 Nxd5 11. d4 e5 12. dxe5 Nxe5 13. Be2 Bc5 14. 0-0 f5 15. Bg5 Rd6 16. Rad1 Re8 17. Rfe1 Nf7 18. Bc1 Nf6 19. Kf1 Rde6 20. h3 Nd6 21. Bd3 Nfe4 22. Bxe4 Nxe4 23. Nxe4 Rxe4 24. Rxe4 Rxe4 25. Bg5 Bd6 26. Be3 Be5 27. Bg5 Bf6 28. Bxf6 gxf6 29. Rd3 g5 30. Rd5 Re5 31. Rd4 Re6 32. g3 c6 33. f3 Kc7 34. h4 f4 35. hxg5 fxg3 36. gxf6 Rxf6 37. Kg2 Re6 38. Rd2 Rg6 39. f4 a5 40. Kf3 b5 41. Rg2 Kd6 42. Rxg3 Rh6 43. Rg2 Ke6 44. Ke4 Kf6 45. Rd2 Kf7 46. f5 Rh1 47. Ke5 Rf1 48. Kd6 b4 49. c4 a4 50. Kxc6 a3 51. b3 Rb1 52. Kb5 Rb2 53. Rd7+ Kf6 54. Kxb4 Rxa2 55. Ra7 Kxf5 56. Rxa3 Rb2 57. Ra8 Ke6 58. Rd8 Ke7 59. Rd3 Rb1 60. Kb5 1-0

[Event "ROM-ch (Women)"]
[Site "Brasov"]
[Date "2004.11.27"]
[Round "4.1"]
[White "Ionica, Iulia Ionela"]
[Black "Vasiesiu, Cristina"]
[Result "1-0"]
[WhiteElo "2240"]
[BlackElo "2171"]
[PlyCount "89"]
[EventDate "2004.11.20"]
[EventType "k.o."]
[EventRounds "4"]
[EventCountry "ROU"]
[SourceTitle "CBM 103 Extra"]
[Source "ChessBase"]
[SourceDate "2005.01.01"]
[SourceVersion "1"]
[SourceVersionDate "2005.01.01"]
[SourceQuality "1"]

1. e4 c5 2. Nf3 e6 3. d4 cxd4 4. Nxd4 d6 5. Nc3 a6 6. a4 Nf6 7. Be2 Nc6 8. Be3 Be7 9. f4 0-0 10. 0-0 Qc7 11. Kh1 Re8 12. Bd3 Bf8 13. Qf3 e5 14. Nxc6 bxc6 15. fxe5 dxe5 16. Qg3 Kh8 17. Bg5 Ng8 18. Rf3 Be6 19. Raf1 f6 20. Bd2 Ne7 21. b3 Rad8 22. Qf2 Ra8 23. Nd1 Ng6 24. Nb2 a5 25. Nc4 Bb4 26. Be3 Bc3 27. Be2 Bb4 28. Bb6 Qb7 29. c3 Nf4 30. Rxf4 exf4 31. cxb4 Bxc4 32. Bxc4 axb4 33. a5 Rxe4 34. Bd3 Re5 35. Qxf4 c5 36. Qh4 g5 37. Qh6 Qg7 38. Qxf6 Qxf6 39. Rxf6 Kg7 40. Rf1 Rf8 41. Rxf8 Kxf8 42. Kg1 Ke7 43. a6 Kd6 44. a7 Re8 45. Be4 1-0

[Event "ROM-ch (Women)"]
[Site "Brasov"]
[Date "2004.11.21"]
[Round "1.2"]
[White "Vasiesiu, Cristina"]
[Black "Hamdouchi, Adina Maria"]
[Result "1-0"]
[WhiteElo "2171"]
[BlackElo "2294"]
[PlyCount "129"]
[EventDate "2004.11.20"]
[EventType "k.o."]
[EventRounds "4"]
[EventCountry "ROU"]
[SourceTitle "CBM 103 Extra"]
[Source "ChessBase"]
[SourceDate "2005.01.01"]
[SourceVersion "1"]
[SourceVersionDate "2005.01.01"]
[SourceQuality "1"]

1. e4 g6 2. d4 Bg7 3. Nc3 c6 4. Nf3 d6 5. Be3 b5 6. Bd3 Nf6 7. Qd2 Ng4 8. Bg5 h6 9. Bh4 0-0 10. h3 Nf6 11. 0-0-0 b4 12. Ne2 Qa5 13. Kb1 Ba6 14. g4 Bxd3 15. cxd3 Nbd7 16. g5 hxg5 17. Bxg5 Rfe8 18. Bh6 Bh8 19. Rdg1 Rab8 20. h4 Qh5 21. Rh3 Ng4 22. Bg5 e5 23. Ng3 Qh7 24. h5 f6 25. Rgh1 Bg7 26. Rh4 fxg5 27. Nxg5 Qh6 28. hxg6 Qxg6 29. Rxg4 Nf6 30. Rgh4 exd4 31. Nf5 Re5 32. f4 Rxf5 33. exf5 Qxf5 34. Qh2 Kf8 35. Qg3 Re8 36. Nh7+ Nxh7 37. Rxh7 Re7 38. Rh8+ Kf7 39. R8h7 Qg6 40. Qh3 Re3 41. Qd7+ Re7 42. Qxc6 Qxd3+ 43. Qc2 Qxc2+ 44. Kxc2 Kg6 45. R1h6+ Kf7 46. Rxd6 Kg8 47. Rh2 Re4 48. Rg2 Rxf4 49. Rdg6 Rf7 50. Kd3 Kf8 51. Rxg7 Rxg7 52. Rxg7 Kxg7 53. Kxd4 Kf6 54. Kc4 b3 55. Kxb3 Ke5 56. Kc4 Kd6 57. Kb5 Kc7 58. Ka6 Kb8 59. a3 Ka8 60. a4 Kb8 61. b4 Ka8 62. a5 Kb8 63. b5 Ka8 64. b6 axb6 65. axb6 1-0

[Event "ROM-ch (Women)"]
[Site "Satu Mare"]
[Date "2003.09.06"]
[Round "2.2"]
[White "Vasiesiu, Cristina"]
[Black "Olarasu, Gabriela"]
[Result "1/2-1/2"]
[WhiteElo "2209"]
[BlackElo "2305"]
[PlyCount "44"]
[EventDate "2003.09.01"]
[EventType "k.o."]
[EventRounds "4"]
[EventCountry "ROU"]
[SourceTitle "CBM 096 Extra"]
[Source "ChessBase"]
[SourceDate "2003.10.22"]
[SourceVersion "2"]
[SourceVersionDate "2003.10.20"]
[SourceQuality "1"]

1. e4 e5 2. Nc3 Nf6 3. f4 d5 4. fxe5 Nxe4 5. Nf3 Be7 6. Qe2 Nxc3 7. dxc3 c5 8. Bf4 Nc6 9. 0-0-0 Be6 10. h4 h6 11. g3 Qa5 12. a3 0-0-0 13. Bh3 Qa6 14. Qxa6 bxa6 15. Bxe6+ fxe6 16. h5 Rhf8 17. Nh4 Bg5 18. Bxg5 hxg5 19. Ng6 Rf3 20. Rd3 Rf2 21. Rd2 Rf3 22. Rd3 Rf2 1/2-1/2

[Event "ROM-ch (Women)"]
[Site "Satu Mare"]
[Date "2003.09.05"]
[Round "2.1"]
[White "Olarasu, Gabriela"]
[Black "Vasiesiu, Cristina"]
[Result "1/2-1/2"]
[WhiteElo "2305"]
[BlackElo "2209"]
[PlyCount "62"]
[EventDate "2003.09.01"]
[EventType "k.o."]
[EventRounds "4"]
[EventCountry "ROU"]
[SourceTitle "CBM 096 Extra"]
[Source "ChessBase"]
[SourceDate "2003.10.22"]
[SourceVersion "2"]
[SourceVersionDate "2003.10.20"]
[SourceQuality "1"]

1. Nf3 Nf6 2. c4 g6 3. Nc3 d5 4. cxd5 Nxd5 5. e4 Nxc3 6. dxc3 Qxd1+ 7. Kxd1 f6 8. Kc2 e5 9. Be3 Be6 10. Nd2 Nd7 11. Bc4 Bxc4 12. Nxc4 Bc5 13. b4 Bxe3 14. Nxe3 0-0-0 15. h4 h5 16. f3 c6 17. g4 Nf8 18. Rag1 Rh7 19. g5 Rf7 20. Rh3 Ne6 21. gxf6 Nf4 22. Rh2 b5 23. Rg5 Rxf6 24. Rd2 Rxd2+ 25. Kxd2 Rd6+ 26. Kc2 Rd3 27. Ng2 Rxf3 28. Nxf4 Rxf4 29. Rxg6 Kc7 30. Rg7+ Kd6 31. Rg6+ Kc7 1/2-1/2

[Event "ROM-ch (Women)"]
[Site "Targoviste"]
[Date "2001.11.29"]
[Round "6"]
[White "Ionica, Iulia Ionela"]
[Black "Vasiesiu, Cristina"]
[Result "0-1"]
[WhiteElo "2186"]
[BlackElo "2222"]
[PlyCount "106"]
[EventDate "2001.11.23"]
[EventType "tourn"]
[EventRounds "11"]
[EventCountry "ROU"]
[SourceTitle "CBM 085 Extra"]
[Source "ChessBase"]
[SourceDate "2002.01.21"]
[SourceVersion "1"]
[SourceVersionDate "2002.01.21"]
[SourceQuality "1"]

1. e4 c5 2. Nf3 d6 3. d4 cxd4 4. Nxd4 Nf6 5. Nc3 a6 6. Be3 e6 7. Be2 Be7 8. f4 0-0 9. 0-0 Qc7 10. Bf3 Nc6 11. a4 Re8 12. Kh1 Na5 13. g4 Nc4 14. Bc1 Bf8 15. g5 Nd7 16. Bg2 b6 17. Rf3 Bb7 18. Rh3 g6 19. b3 Na5 20. Bb2 Nc6 21. Nxc6 Bxc6 22. Ne2 Qb7 23. Ng3 Nc5 24. Qe2 Bg7 25. Bxg7 Kxg7 26. b4 Nxa4 27. Qg4 b5 28. Qh4 Rh8 29. Qh6+ Kg8 30. Rg1 Qe7 31. Rf1 Nb6 32. f5 exf5 33. exf5 Bxg2+ 34. Kxg2 Rc8 35. Rf2 Nc4 36. f6 Qf8 37. Qh4 Ne3+ 38. Kg1 Rc4 39. Ne4 Nf5 40. Qf4 d5 41. Re2 dxe4 42. Rxe4 Rxe4 43. Qxe4 h5 44. Rd3 Qc8 45. Qd5 Qxc2 46. Qd7 Qc1+ 47. Kf2 Qf4+ 48. Ke1 Qxb4+ 49. Rd2 Qh4+ 50. Rf2 Qxg5 51. Qe8+ Kh7 52. Qxf7+ Kh6 53. Rxf5 gxf5 0-1

[Event "ROM-chT"]
[Site "Sovata"]
[Date "2001.03.22"]
[Round "2"]
[White "Ionescu, Irina"]
[Black "Vasiesiu, Cristina"]
[Result "1-0"]
[WhiteElo "2330"]
[BlackElo "2247"]
[PlyCount "109"]
[EventDate "2001.03.21"]
[EventType "team"]
[EventRounds "5"]
[EventCountry "ROU"]
[SourceTitle "EXT 2003"]
[Source "ChessBase"]
[SourceDate "2002.11.25"]
[SourceVersion "1"]
[SourceVersionDate "2002.11.25"]
[SourceQuality "1"]

1. e4 c5 2. Nf3 e6 3. d3 Nc6 4. c3 d5 5. Qe2 d4 6. g3 g6 7. e5 Bg7 8. c4 Qc7 9. Bf4 g5 10. Nxg5 Nxe5 11. Bg2 Ne7 12. 0-0 h6 13. Nf3 N7g6 14. Nxe5 Bxe5 15. Bxe5 Qxe5 16. Qd2 Qc7 17. b4 Bd7 18. bxc5 Bc6 19. f4 0-0-0 20. Na3 Bxg2 21. Qxg2 Qxc5 22. Rab1 Rd7 23. Nc2 h5 24. Rb5 Qc6 25. Qxc6+ bxc6 26. Rc5 Ne7 27. Kg2 h4 28. g4 Kc7 29. Ra5 Kc8 30. Re1 Rhd8 31. Kf3 Rb7 32. Re2 Kb8 33. f5 Rb2 34. Rae5 Rxa2 35. fxe6 Rf8 36. Ke4 Ng6 37. Rg5 Re8 38. Kxd4 Rxe6 39. Rxe6 fxe6 40. Rxg6 Rxc2 41. Kc5 a5 42. Rxe6 Rxh2 43. Rxc6 Rg2 44. d4 Rxg4 45. d5 a4 46. Rb6+ Kc8 47. Ra6 h3 48. Rh6 Rg3 49. Kc6 Kb8 50. d6 a3 51. Rh8+ Ka7 52. d7 a2 53. Ra8+ Kxa8 54. d8Q+ Ka7 55. Qb6+ 1-0

[Event "ROM-chT2"]
[Site "Baile Tusnad"]
[Date "2000.??.??"]
[Round "?"]
[White "Moldovan, Corina"]
[Black "Vasiesiu, Cristina"]
[Result "0-1"]
[WhiteElo "2226"]
[BlackElo "2223"]
[PlyCount "70"]
[EventDate "2000.??.??"]
[EventType "team"]
[EventRounds "9"]
[EventCountry "ROU"]
[SourceTitle "EXT 2001"]
[Source "ChessBase"]
[SourceDate "2000.11.22"]
[SourceVersion "1"]
[SourceVersionDate "2000.11.22"]
[SourceQuality "1"]

1. d4 Nf6 2. c4 c5 3. d5 b5 4. cxb5 a6 5. bxa6 g6 6. Nc3 d6 7. e4 Bg7 8. f4 Qa5 9. Bd2 Bxa6 10. Bxa6 Nxa6 11. Nf3 0-0 12. 0-0 Qb6 13. Qe2 Nb4 14. Qc4 Nd7 15. a3 Nc2 16. Na4 Rxa4 17. Qxc2 Rfa8 18. Rad1 c4+ 19. Kh1 Nc5 20. Be3 R4a7 21. Nd2 Rc7 22. Nxc4 Qb3 23. Qxb3 Nxb3 24. Nd2 Rb7 25. Nf3 Ra4 26. e5 Re4 27. Rfe1 dxe5 28. Ng5 Ra4 29. fxe5 Bxe5 30. Nf3 Bg7 31. Bg5 Kf8 32. Re2 h6 33. Bh4 g5 34. Bg3 g4 35. Nd2 Bf6 0-1

[Event "Centrocoop Sept op"]
[Site "Eforie Nord"]
[Date "1999.09.??"]
[Round "?"]
[White "Fugulyan, Grigore"]
[Black "Vasiesiu, Cristina"]
[Result "0-1"]
[WhiteElo "2111"]
[BlackElo "2180"]
[PlyCount "144"]
[EventDate "1999.09.??"]
[EventType "swiss"]
[EventRounds "11"]
[EventCountry "ROU"]
[SourceTitle "EXT 2004"]
[Source "ChessBase"]
[SourceDate "2003.11.25"]
[SourceVersion "1"]
[SourceVersionDate "2003.11.25"]
[SourceQuality "1"]

1. e4 c5 2. Nf3 d6 3. Nc3 a6 4. g3 g6 5. Bg2 Bg7 6. 0-0 Nc6 7. d3 e6 8. Ne2 Nf6 9. c3 0-0 10. Nh4 d5 11. Qc2 c4 12. dxc4 dxe4 13. Bxe4 Nxe4 14. Qxe4 Qc7 15. f4 b6 16. Be3 Bb7 17. Qc2 Ne7 18. Qb3 Qc6 19. Nf3 Qe4 20. Qxb6 Rab8 21. Rae1 Ba8 22. Qa7 Rxb2 23. Rf2 Qxc4 24. Qc5 Qxa2 25. Nc1 Qd5 26. Qxd5 Bxd5 27. Rxb2 Bxc3 28. Rc2 Bxe1 29. Nxe1 Nf5 30. Kf2 Rb8 31. Ned3 a5 32. Rc7 Kf8 33. Ra7 Ke8 34. Ke1 Rb5 35. Ne5 f6 36. Ng4 h5 37. Nf2 Nd6 38. Nd1 Nc4 39. Nc3 Rb2 40. Nxd5 exd5 41. Bd4 Rxh2 42. Ne2 Rh1+ 43. Kf2 Rh2+ 44. Kf1 Nd2+ 45. Ke1 Nf3+ 46. Kd1 Rh1+ 47. Kc2 Rh2 48. Kd3 Nxd4 49. Nxd4 Rh3 50. Rxa5 Rxg3+ 51. Ke2 h4 52. Rxd5 h3 53. Kf2 Rg2+ 54. Kf1 g5 55. f5 Rg3 56. Ne2 Rf3+ 57. Kg1 h2+ 58. Kxh2 Rf2+ 59. Kg3 Rxe2 60. Kg4 Rh2 61. Ra5 Rh4+ 62. Kg3 Rf4 63. Rb5 Kd7 64. Ra5 Kc7 65. Rb5 Kc6 66. Ra5 Kc7 67. Rb5 Rc4 68. Kf3 Kd6 69. Ra5 Rc5 70. Ra6+ Ke5 71. Kg4 Rc4+ 72. Kh5 Kxf5 0-1

[Event "Primavara (Women)"]
[Site "Bucharest"]
[Date "1998.??.??"]
[Round "11"]
[White "Ionescu, Irina"]
[Black "Vasiesiu, Cristina"]
[Result "1-0"]
[WhiteElo "2330"]
[BlackElo "2225"]
[PlyCount "65"]
[EventDate "1998.??.??"]
[EventType "tourn"]
[EventRounds "12"]
[EventCountry "ROU"]
[SourceTitle "EXT 1999"]
[Source "ChessBase"]
[SourceDate "1998.11.16"]
[SourceVersion "1"]
[SourceVersionDate "1998.11.16"]
[SourceQuality "1"]

1. e4 c5 2. Nf3 d6 3. Bb5+ Nd7 4. 0-0 Ngf6 5. Re1 a6 6. Bf1 Ne5 7. h3 e6 8. c3 Be7 9. d4 Nxf3+ 10. Qxf3 e5 11. dxe5 dxe5 12. Qg3 Qc7 13. Nd2 Nh5 14. Qf3 g6 15. Nc4 0-0 16. g4 Nf4 17. Bxf4 exf4 18. e5 f5 19. exf6 Bxf6 20. Rad1 Kh8 21. Qd5 Rb8 22. Nd6 b5 23. Ne8 Qb6 24. Nxf6 Qxf6 25. Qxc5 Bb7 26. Rd6 Qf7 27. Rde6 Rbc8 28. Qe5+ Qg7 29. Qg5 Rc7 30. Bd3 Qf7 31. Qh4 Kg8 32. Re7 Rxe7 33. Rxe7 1-0

[Event "ROM-chT"]
[Site "Sovata"]
[Date "1998.??.??"]
[Round "1"]
[White "Jicman, Ligia Letitia"]
[Black "Vasiesiu, Cristina"]
[Result "1/2-1/2"]
[WhiteElo "2220"]
[BlackElo "2225"]
[PlyCount "66"]
[EventDate "1998.??.??"]
[EventType "team"]
[EventRounds "5"]
[EventCountry "ROU"]
[SourceTitle "EXT 1999"]
[Source "ChessBase"]
[SourceDate "1998.11.16"]
[SourceVersion "1"]
[SourceVersionDate "1998.11.16"]
[SourceQuality "1"]

1. e4 c5 2. Nf3 d6 3. d4 cxd4 4. Qxd4 a6 5. c4 Nc6 6. Qd2 Nf6 7. Nc3 e6 8. Be2 Be7 9. 0-0 0-0 10. b3 Qc7 11. Bb2 b6 12. Rac1 Bb7 13. Bd3 Ne5 14. Qc2 Nxd3 15. Qxd3 Rac8 16. h3 Rfd8 17. Rfe1 Ba8 18. Qd4 Qb7 19. Rcd1 Bf8 20. e5 Ne8 21. Ne4 d5 22. Ng3 Be7 23. Qg4 dxc4 24. Rxd8 Rxd8 25. Qxc4 b5 26. Qf4 a5 27. Ne4 Bb4 28. Re2 Qd7 29. Kh2 Qd1 30. Ng3 Rd3 31. Ng5 Rd7 32. N5e4 h6 33. Qg4 Kh7 1/2-1/2

[Event "Primavara (Women)"]
[Site "Bucharest"]
[Date "1998.??.??"]
[Round "7"]
[White "Petrenko, Svetlana"]
[Black "Vasiesiu, Cristina"]
[Result "0-1"]
[WhiteElo "2275"]
[BlackElo "2225"]
[PlyCount "73"]
[EventDate "1998.??.??"]
[EventType "tourn"]
[EventRounds "12"]
[EventCountry "ROU"]
[SourceTitle "EXT 1999"]
[Source "ChessBase"]
[SourceDate "1998.11.16"]
[SourceVersion "1"]
[SourceVersionDate "1998.11.16"]
[SourceQuality "1"]

1. e4 c5 2. Nf3 d6 3. d4 cxd4 4. Nxd4 Nf6 5. Nc3 a6 6. Be2 e6 7. a4 Nc6 8. Be3 Be7 9. 0-0 0-0 10. Kh1 Qc7 11. f4 Re8 12. Qe1 Nxd4 13. Bxd4 e5 14. fxe5 dxe5 15. Qg3 Bd8 16. Be3 Kh8 17. Bg5 Be6 18. Qh4 Ng8 19. Bxd8 Raxd8 20. Rf3 Rd4 21. g4 Ne7 22. Rh3 h6 23. Qg5 Ng6 24. Rf1 Nf4 25. Rxf4 exf4 26. Rxh6+ gxh6 27. Qf6+ Kg8 28. Qxd4 Kf8 29. Qd1 Qb6 30. Qc1 Qf2 31. Qg1 Qh4 32. Qf1 Bxg4 33. Qxf4 Qe1+ 34. Bf1 Bh3 35. Kg1 Re6 36. Ne2 Rxe4 37. Qf2 0-1

[Event "ROM-chT"]
[Site "Sovata"]
[Date "1998.??.??"]
[Round "5"]
[White "Vajda, Szidonia"]
[Black "Vasiesiu, Cristina"]
[Result "1/2-1/2"]
[WhiteElo "2325"]
[BlackElo "2225"]
[PlyCount "98"]
[EventDate "1998.??.??"]
[EventType "team"]
[EventRounds "5"]
[EventCountry "ROU"]
[SourceTitle "EXT 1999"]
[Source "ChessBase"]
[SourceDate "1998.11.16"]
[SourceVersion "1"]
[SourceVersionDate "1998.11.16"]
[SourceQuality "1"]

1. e4 c5 2. Nf3 d6 3. d4 cxd4 4. Nxd4 Nf6 5. Nc3 a6 6. Be2 e6 7. f4 Be7 8. 0-0 0-0 9. Kh1 Nc6 10. Be3 Qc7 11. a4 Re8 12. Bf3 Nd7 13. Qe1 b6 14. Rd1 Bb7 15. f5 Nxd4 16. Bxd4 Bf6 17. fxe6 Rxe6 18. Bg4 Re7 19. Bxd7 Bxd4 20. Rxd4 Rxd7 21. Qd2 Re8 22. Qd3 h6 23. h3 Re5 24. Rd1 Rde7 25. Rc4 Rc5 26. Rxc5 Qxc5 27. Qxd6 Bxe4 28. Nxe4 Rxe4 29. Qxc5 bxc5 30. Rd8+ Kh7 31. Rc8 Rxa4 32. Rxc5 Kg6 33. Kg1 Kf6 34. Kf2 Ke6 35. Ke3 Kd6 36. Rc8 h5 37. b3 Ra1 38. Rf8 Rg1 39. Kf3 Kc5 40. Rc8+ Kb4 41. Rc4+ Kb5 42. Kf2 Rc1 43. Kg3 a5 44. Rc7 Kb4 45. Kh4 g6 46. g4 hxg4 47. hxg4 f5 48. gxf5 gxf5 49. Kg5 Ka3 1/2-1/2

[Event "ROM-chT"]
[Site "Timisu de Sus"]
[Date "1998.??.??"]
[Round "1"]
[White "Vasiesiu, Cristina"]
[Black "Bollengier, Andreea"]
[Result "0-1"]
[WhiteElo "2195"]
[BlackElo "2185"]
[PlyCount "84"]
[EventDate "1998.11.??"]
[EventType "team"]
[EventRounds "5"]
[EventCountry "ROU"]
[SourceTitle "EXT 2000"]
[Source "ChessBase"]
[SourceDate "1999.11.16"]
[SourceVersion "1"]
[SourceVersionDate "1999.11.16"]
[SourceQuality "1"]

1. e4 g6 2. d4 c6 3. Nc3 Bg7 4. Be3 d5 5. e5 h5 6. Nf3 Nh6 7. Bd3 Bf5 8. Nh4 e6 9. Nxf5 Nxf5 10. Bxf5 gxf5 11. Qf3 c5 12. Qg3 Kf8 13. Bg5 h4 14. Qf4 Qa5 15. 0-0 cxd4 16. Ne2 Nc6 17. Bf6 Rh6 18. Rfe1 Qc7 19. Rad1 Rc8 20. Rd3 Nxe5 21. Bxg7+ Kxg7 22. Qxd4 Kh7 23. Rh3 Rg8 24. Nf4 Nc6 25. Qe3 Rg4 26. g3 d4 27. Qf3 Ne5 28. Qe2 Nc4 29. b3 Na3 30. f3 Rg8 31. Qd2 Nxc2 32. Rc1 Rc8 33. gxh4 Qc3 34. Qf2 Qe3 35. Qxe3 dxe3 36. Kf1 e5 37. Nd3 e2+ 38. Kxe2 Nd4+ 39. Kd2 Rxc1 40. Kxc1 Rc6+ 41. Kd2 Rc2+ 42. Kd1 f6 0-1

[Event "Primavara (Women)"]
[Site "Bucharest"]
[Date "1998.??.??"]
[Round "4"]
[White "Vasiesiu, Cristina"]
[Black "Ionescu, Irina"]
[Result "0-1"]
[WhiteElo "2225"]
[BlackElo "2330"]
[PlyCount "70"]
[EventDate "1998.??.??"]
[EventType "tourn"]
[EventRounds "12"]
[EventCountry "ROU"]
[SourceTitle "EXT 1999"]
[Source "ChessBase"]
[SourceDate "1998.11.16"]
[SourceVersion "1"]
[SourceVersionDate "1998.11.16"]
[SourceQuality "1"]

1. e4 d6 2. d4 Nf6 3. Nc3 e5 4. f3 exd4 5. Qxd4 Nc6 6. Bb5 Be7 7. Be3 0-0 8. Qd2 Ne5 9. g4 Be6 10. g5 Nh5 11. b3 f5 12. gxf6 Bxf6 13. 0-0-0 a6 14. Be2 Ng6 15. Nd5 Be5 16. Kb1 Nhf4 17. Bc4 Kh8 18. Ne2 Bxd5 19. exd5 b5 20. Bd3 Nxe2 21. Bxe2 Nf4 22. Rhg1 Qf6 23. Bxf4 Bxf4 24. Qb4 Rae8 25. Bd3 Be3 26. Rg3 Qh6 27. Qg4 Qf6 28. Qh5 Bh6 29. Be4 a5 30. Rdg1 a4 31. Rxg7 Rxe4 32. R7g6 Re1+ 33. Rxe1 Qxg6 34. Qh3 a3 35. Re6 Qg1+ 0-1

[Event "ROM-chT"]
[Site "Sovata"]
[Date "1998.??.??"]
[Round "2"]
[White "Vasiesiu, Cristina"]
[Black "Olarasu, Gabriela"]
[Result "0-1"]
[WhiteElo "2225"]
[BlackElo "2270"]
[PlyCount "118"]
[EventDate "1998.??.??"]
[EventType "team"]
[EventRounds "5"]
[EventCountry "ROU"]
[SourceTitle "EXT 1999"]
[Source "ChessBase"]
[SourceDate "1998.11.16"]
[SourceVersion "1"]
[SourceVersionDate "1998.11.16"]
[SourceQuality "1"]

1. e4 e5 2. Bc4 Nf6 3. d3 Bc5 4. Nc3 d6 5. f4 Be6 6. Bxe6 fxe6 7. Nf3 a6 8. fxe5 dxe5 9. Nxe5 Qd4 10. Ng4 Nxg4 11. Qxg4 Qf2+ 12. Kd1 0-0 13. Bg5 Nc6 14. Bh4 Qf7 15. Kd2 Ne5 16. Qg5 h6 17. Qxe5 Bd6 18. Qd4 Qf4+ 19. Qe3 Qxh4 20. g3 Qh5 21. Raf1 Rxf1 22. Rxf1 Qxh2+ 23. Ne2 Be7 24. Rf2 Qh1 25. Qd4 Bg5+ 26. Nf4 Qg1 27. Kc3 Bf6 28. e5 Qe1+ 29. Kb3 Qxe5 30. Qxe5 Bxe5 31. Nxe6 Bxg3 32. Rg2 Be5 33. d4 Re8 34. d5 g5 35. Re2 Bd6 36. c4 b6 37. Kc3 a5 38. b3 Re7 39. Kd4 Rf7 40. Nd8 Rf4+ 41. Kd3 Rf3+ 42. Kd4 Kh7 43. Nb7 Rf4+ 44. Kd3 Bf8 45. Re6 g4 46. c5 bxc5 47. Nxa5 g3 48. Re2 Rg4 49. Rg2 h5 50. Ke2 h4 51. Kf3 Rg5 52. Nc4 Rxd5 53. Kg4 Be7 54. Re2 Bf6 55. Kh3 Rd1 56. a4 Rh1+ 57. Kg4 Rh2 58. Re1 g2 59. Ne3 h3 0-1

[Event "ROM-chT"]
[Site "Timisu de Sus"]
[Date "1998.??.??"]
[Round "3"]
[White "Vasiesiu, Cristina"]
[Black "Peptan, Corina Isabela"]
[Result "0-1"]
[WhiteElo "2195"]
[BlackElo "2430"]
[PlyCount "54"]
[EventDate "1998.11.??"]
[EventType "team"]
[EventRounds "5"]
[EventCountry "ROU"]
[SourceTitle "EXT 2000"]
[Source "ChessBase"]
[SourceDate "1999.11.16"]
[SourceVersion "1"]
[SourceVersionDate "1999.11.16"]
[SourceQuality "1"]

1. e4 c5 2. Nc3 d6 3. f4 Nc6 4. Nf3 g6 5. Bc4 Bg7 6. 0-0 Nf6 7. d3 0-0 8. Qe1 Nd4 9. Bb3 Bd7 10. Qh4 a5 11. f5 a4 12. Bd5 e6 13. Ng5 exd5 14. Nxd5 h6 15. Nxf7 Rxf7 16. fxg6 Rf8 17. Bxh6 Nxd5 18. Rxf8+ Qxf8 19. Bg5 Nf3+ 20. gxf3 Bd4+ 21. Kg2 Qg7 22. exd5 Qxg6 23. Kh1 Qf5 24. Kg2 Re8 25. Qg3 Kf7 26. c3 Bf6 27. Bxf6 Rg8 0-1

[Event "Primavara (Women)"]
[Site "Bucharest"]
[Date "1998.??.??"]
[Round "12"]
[White "Vasiesiu, Cristina"]
[Black "Zatonskih, Anna"]
[Result "0-1"]
[WhiteElo "2225"]
[BlackElo "2340"]
[PlyCount "60"]
[EventDate "1998.??.??"]
[EventType "tourn"]
[EventRounds "12"]
[EventCountry "ROU"]
[SourceTitle "EXT 1999"]
[Source "ChessBase"]
[SourceDate "1998.11.16"]
[SourceVersion "1"]
[SourceVersionDate "1998.11.16"]
[SourceQuality "1"]

1. e4 e6 2. d4 d5 3. Nc3 Nf6 4. Bg5 dxe4 5. Nxe4 Be7 6. Bxf6 gxf6 7. Nf3 b6 8. c3 Bb7 9. Bd3 Nd7 10. Qe2 c6 11. 0-0 Qc7 12. a4 a5 13. Rad1 Qf4 14. Rfe1 Kf8 15. c4 Bb4 16. Nc3 Qg4 17. Qe3 Rg8 18. Bf1 Kg7 19. h3 Qh5 20. Kh1 Kh8 21. Bd3 Rg7 22. Rg1 Bd6 23. Ne4 Bc7 24. Nh2 Rag8 25. Be2 Qg6 26. h4 h6 27. h5 Qh7 28. Bd3 f5 29. Nc3 Bxh2 30. Kxh2 Rg4 0-1

[Event "ROM-ch op (Women)"]
[Site "Eforie Nord"]
[Date "1997.??.??"]
[Round "?"]
[White "Apostoae, Lacramioara Liliana"]
[Black "Vasiesiu, Cristina"]
[Result "0-1"]
[WhiteElo "2060"]
[BlackElo "2155"]
[PlyCount "78"]
[EventDate "1997.09.??"]
[EventType "swiss"]
[EventRounds "11"]
[EventCountry "ROU"]
[SourceTitle "EXT 2000"]
[Source "ChessBase"]
[SourceDate "1999.11.16"]
[SourceVersion "1"]
[SourceVersionDate "1999.11.16"]
[SourceQuality "1"]

1. e4 c5 2. Nc3 Nc6 3. g3 g6 4. Bg2 Bg7 5. d3 e6 6. Be3 d6 7. Qd2 Qa5 8. f4 Nge7 9. Nf3 Nd4 10. 0-0 Nec6 11. Rf2 0-0 12. Nd1 Qa6 13. Qe1 Rb8 14. Nd2 b5 15. c3 b4 16. a4 bxc3 17. bxc3 Nb3 18. Nxb3 Rxb3 19. Rb2 Na5 20. Bf1 Bd7 21. Qe2 Rfb8 22. Rxb3 Nxb3 23. Ra3 Qb7 24. a5 d5 25. Bg2 Bc6 26. e5 Bf8 27. a6 Qb5 28. Ra2 Bd7 29. Rb2 Rb6 30. c4 Qb4 31. Kf1 Bc8 32. cxd5 Bxa6 33. d6 Qb5 34. Be4 f5 35. Nc3 Nd2+ 36. Qxd2 Qxb2 37. Qxb2 Rxb2 38. Na4 Rb1+ 39. Kf2 fxe4 0-1